Voces indígenas de uso común en Chile
Сохранить в:
| Главный автор: | |
|---|---|
| Формат: | |
| Язык: | испанский Арауканский язык |
| Опубликовано: |
Santiago
Oikos Ltda
2001
|
| Редактирование: | 3a. ed |
| Предметы: | |
| Метки: |
Добавить метку
Нет меток, Требуется 1-ая метка записи!
|
MARC
| LEADER | 00000cam a2200000 a 4500 | ||
|---|---|---|---|
| 001 | UCC6589 | ||
| 003 | CL-VaPUC | ||
| 008 | 181220e20010000cl |||||||||||||||||spa|d | ||
| 020 | |a 9567277Xt.2 | ||
| 041 | 0 | 7 | |a spa |2 CL-VaPUC |
| 041 | 0 | 7 | |a arn |2 CL-VaPUC |
| 082 | 0 | 4 | |a 764.983 |b GRA |2 21 |
| 100 | |a Grau Vilarrubias, Juan J |e author |9 601090 | ||
| 245 | 1 | 0 | |a Voces indígenas de uso común en Chile |
| 250 | |a 3a. ed | ||
| 300 | |a t | ||
| 942 | |c BK | ||
| 945 | |d 20181220 17:39:00 |a dcastane | ||
| 260 | |a Santiago |b Oikos Ltda |c 2001 | ||
| 500 | |a t.3: Apellidos y patronímicos del mapudungún, quechua, aimara, kunza, rapanui, etc | ||
| 650 | 0 | |a Chilenismos |9 306533 | |
| 650 | 0 | |a Etimología |9 337976 | |
| 650 | 0 | |a Mapuche |9 344248 | |
| 650 | 7 | |a QUECHUA |2 CL-VaPUC |9 316681 | |
| 650 | 0 | |a Aimara |9 308309 | |
| 583 | |a last modification |c 20181220 17:39:00 |k Rodrigo Vera | ||
| 999 | |c 373528 |d 373526 | ||
| 952 | |0 0 |1 0 |3 erb |4 0 |6 764_983000000000000_GRA_2001 |7 0 |8 A |9 491657 |a BIBING |b BIBING |h t.3 |i 5523990 |o 764.983 GRA 2001 |p 5523990 |r 2025-01-20 |w 2019-11-24 |y BK |z Catalogado en:20181220 |k GEO | ||